000
00280nam a2200109Ia 4500
008
231107s2010 xx 000 0 und d
041
_a
eng
100
_a
Mira Eva Pascuali
245
_a
Architectural ModelMaking
260
_a
Singapore
_b
Basheer Graphic Book
_c
2010
300
_a
160
999
_c
931896
_d
931896